[Event "Navarra-ch"]
[Site "Pamplona"]
[Date "2016.04.16"]
[Round "5"]
[White "Martinez Zazo, Jesus"]
[Black "Ortega Villa, Alex"]
[Result "1-0"]
[WhiteElo "1783"]
[BlackElo "1639"]
[PlyCount "49"]
[EventDate "2016.03.05"]
[EventType "swiss"]
[EventRounds "8"]
[EventCountry "ESP"]
[SourceTitle "EXT 2018"]
[Source "ChessBase"]
[SourceDate "2017.10.13"]
[SourceVersion "1"]
[SourceVersionDate "2017.10.13"]
[SourceQuality "1"]

1. e4 c5 2. Nf3 e6 3. d4 cxd4 4. Nxd4 Nc6 5. Be2 Qc7 6. 0-0 a6 7. c3 Nf6 8. Be3 d5 9. exd5 Nxd5 10. Bg5 Bd6 11. g3 h6 12. Bd2 Nxd4 13. cxd4 e5 14. Bf3 Qc4 15. dxe5 Bxe5 16. Re1 f6 17. Nc3 Nb4 18. Bf4 0-0 19. Bxe5 fxe5 20. a3 Rxf3 21. Qxf3 Nc2 22. Re4 Qc5 23. Rd1 Be6 24. Qe2 Nxa3 25. Rxe5 1-0

[Event "Navarra-ch"]
[Site "Pamplona"]
[Date "2014.03.29"]
[Round "1"]
[White "Apesteguia Domaica, Jose Antonio"]
[Black "Ortega Villa, Alex"]
[Result "1-0"]
[WhiteElo "1884"]
[BlackElo "1483"]
[PlyCount "53"]
[EventDate "2014.03.29"]
[EventType "swiss"]
[EventRounds "8"]
[EventCountry "ESP"]
[SourceTitle "EXT 2016"]
[Source "ChessBase"]
[SourceDate "2015.10.08"]
[SourceVersion "1"]
[SourceVersionDate "2015.10.08"]
[SourceQuality "1"]

1. d4 Nf6 2. c4 g6 3. Nc3 Bg7 4. e4 d6 5. f4 0-0 6. Nf3 Nbd7 7. Be2 c5 8. d5 a6 9. a4 Ne8 10. 0-0 Qb6 11. Qc2 f5 12. a5 Qc7 13. exf5 Rxf5 14. Bd3 Rf8 15. Ng5 Ndf6 16. f5 Ng4 17. Ne2 b5 18. fxg6 Rxf1+ 19. Kxf1 e5 20. dxe6 Qe7 21. gxh7+ Kf8 22. Bf5 Qf6 23. h8Q+ Ke7 24. Qh5 Ne5 25. Ne4 Qf8 26. Bg5+ Nf6 27. Nf4 1-0